Définitions Aléatoires #1 - Statistiques

Statistiques générales
  • Ce quiz a été pris 214 fois
  • Le résultat moyen est 16 sur 20
Statistiques - réponses
Définiton Mot % Correct
Gros véhicule automobile transportant des marchandises. Camion
98%
Rupture légale du mariage civil, du vivant des époux. Divorce
98%
Secousse du sol résultant de la libération brusque d'énergie accumulée par les contraintes exercées sur les roches. Séisme
97%
Sport opposant deux équipes de onze joueurs, où il faut faire pénétrer un ballon rond dans les buts adverses sans utiliser les mains. Football
96%
Membre supérieur, de l'épaule à la main. Bras
94%
Appareil destiné à créer un vent artificiel, un courant d'air. Ventilateur
92%
Larve des papillons, à corps allongé formé d'anneaux et généralement velu. Chenille
91%
Pays de l'Europe occidentale, compte des villes médiévales, des villages alpins et des plages. France
89%
Étoffe attachée à une hampe et portant les couleurs, les emblèmes d'une nation, d'un groupement, d'un chef, pour servir de signe de ralliement, de symbole. Drapeau
87%
Système immense de télécommunications informatiques développé au niveau international, qui permet d'accéder à des données de toutes sortes, textes, musique, vidéos, photos, grâce à un codage universalisé. Internet
87%
Ouverture spécialement aménagée pour permettre le passage ; l'encadrement de cette ouverture. Porte
85%
Instrument ou dispositif servant à tuer, blesser (une personne, un animal) ou réduire un ennemi. Arme
84%
Descendant d'un frère ou d'une sœur par rapport aux descendants d'un frère ou d'une sœur de l'un de ses parents. Cousin
82%
Publication périodique relatant les évènements saillants dans un ou plusieurs domaines. Journal
82%
Batracien aux pattes postérieures longues et palmées, à peau lisse, nageur et sauteur. Grenouille
79%
Aérostat, ballon formé d'une enveloppe remplie d'air chauffé. Montgolfière
78%
Liquide incolore et inflammable obtenu par distillation du vin et des jus sucrés fermentés. Alcool
76%
Ensemble des évènements concernant l'humanité avant l'apparition de l'écriture ; étude de ces évènements. Préhistoire
67%
Enregistrement et la transmission des images et des sons. Vidéo
51%
Relatif à l'organisation, à l'exercice du pouvoir dans une société organisée. Politique
23%
Aucun quiz correspondant
Distribution des résultats
% des personnes avec chaque résultat
Percentile par nombre de réponses
Votre historique - résultats
Vous n’avez pas pris ce quiz